000 00716nam a2200193Ia 4500
003 GCL
008 140319s9999 xx 000 0 ara d
040 _aGCL /
_cGCL
082 0 4 _a416
_bط ع
100 1 _aمحمد زغلول سلام
245 1 0 _aعيار الشعر /
_cمحمد زغلول سلام
700 1 _aابن طباطبا : ابوالحسن محمد ابن احمد ابن محمد ابن احمد ابن ابراهيم الحسنى العلوى
260 _aالقاهرة :
_bمكتبه النهضه المصريه ،
_c1984
300 _a198 ص ؛
_c25 سم
490 _a
650 0 4 _aالشعر العربى
650 0 4 _aالشعر العربى - تاريخ ونقد
942 _2ddc
_cBK
999 _c40740
_d40740